| 000 | 00583nam a22001577a 4500 | ||
|---|---|---|---|
| 005 | 20250505151102.0 | ||
| 008 | 250505b |||||||| |||| 00| 0 eng d | ||
| 020 | _a9780415582438 | ||
| 050 |
_aKF 560 _b.H49 2011 |
||
| 100 | _aRussell Hewitson | ||
| 245 |
_aProperty law statutes 2010-2011 _bRoutledge student statutes _cRussell Hewitson .Principal lecturer in law and director of international development for the school of law at northumbria university. |
||
| 260 |
_aLondon _bTaylor and Francis group _cc2011 |
||
| 300 | _avi,578p; | ||
| 500 | _aIncludes index | ||
| 942 |
_2lcc _cBK _n0 |
||
| 999 |
_c5646 _d5646 |
||